यशाचे सिद्धांत (Record no. 357206)
[ view plain ]
| 000 -LEADER | |
|---|---|
| fixed length control field | 00323 a2200121 4500 |
| 005 - DATE AND TIME OF LATEST TRANSACTION | |
| control field | 20240408163407.0 |
| 008 - FIXED-LENGTH DATA ELEMENTS--GENERAL INFORMATION | |
| fixed length control field | 240408b |||||||| |||| 00| 0 eng d |
| 020 ## - INTERNATIONAL STANDARD BOOK NUMBER | |
| International Standard Book Number | 9788184955200 |
| 100 ## - MAIN ENTRY--PERSONAL NAME | |
| Author | Okawa R. |
| 245 ## - TITLE STATEMENT | |
| Title | यशाचे सिद्धांत |
| 260 ## - PUBLICATION, DISTRIBUTION, ETC. | |
| Name of publisher, distributor, etc. | Jaico Publishing House |
| Date of publication, distribution, etc. | 2014 |
| 942 ## - ADDED ENTRY ELEMENTS (KOHA) | |
| Koha item type | Books |
| Withdrawn status | Lost status | Source of classification or shelving scheme | Damaged status | Not for loan | Home library | Current library | Date acquired | Vendor | Net Price | Total Checkouts | Full call number | Barcode | Date last seen | Date last checked out | Actual Price | Bill Date | Koha item type |
|---|---|---|---|---|---|---|---|---|---|---|---|---|---|---|---|---|---|
| Dewey Decimal Classification | Cummins College of Engineering for Women Pune | Cummins College of Engineering for Women Pune | 05/03/2024 | 87 | 140.00 | 2 | 158.2 OKA | CCEP-BK-66716 | 02/06/2025 | 06/05/2025 | 175.00 | 05/03/2024 | Books |